000 00500nam a2200181Ia 4500
008 180207s9999 xx 000 0 und d
020 _a60080965
050 _bC979 2000
100 _aCurtis, Jamie Lee.
245 _aIt's hard to be five :
245 _blearning how to work my control panel /
245 _cJamie Lee Curtis ; illustrated by Laura Cornell.
260 _aUSA :
260 _bJoanna Cotler Books,
260 _c2004
300 _aunpaged :
300 _bcolor illustration ;
999 _c355021
_d355021